| 000 | 01029nas a2200337 4500 | ||
|---|---|---|---|
| 001 | BR0802886 | ||
| 003 | BR-BrBNA | ||
| 005 | 20231205112111.0 | ||
| 007 | ta | ||
| 008 | 230509b bl.|||p| |||| 00| 00por d | ||
| 040 |
_aBR-BrBNA _bpor _cBiblioteca Nacional de Agricultura |
||
| 041 | _a(Pt) | ||
| 072 | _aL20; L60; H10 | ||
| 100 | 1 | _aBusanto, G.R. | |
| 100 | 1 | _aGrützmacher, A.D. | |
| 100 | 1 | _aGarcia, M.S. | |
| 100 | 1 | _aGiolo, F.P. | |
| 100 | 1 | _aZotti, M.J. | |
| 100 | 1 | _aStefanello Júnior, G.J. | |
| 245 | 1 | _aBiologia comparada de populações de Spodoptera frugiperda (J.E. Smith)(Lepidoptera: Noctuidae)em folhas de milho e arroz | |
| 650 | _aINSETO | ||
| 650 | _aPRAGA DE PLANTA | ||
| 650 | _aECOLOGIA ANIMAL | ||
| 650 | _aCOMPORTAMENTO ANIMAL | ||
| 650 | _aLAGARTA | ||
| 650 | _aHOSPEDEIRO | ||
| 650 | _aBIÓTIPO | ||
| 773 | 0 |
_tNeotropical Entomology (Brazil) _xISSN 1519-566X _g(Sep-Oct 2005), v. 34(5) p. 743-750 _wBR0802886 |
|
| 909 |
_a202311 _bLúcia _c55 _dLúcia Elande |
||
| 942 |
_2AGRIS _n0 _cANA |
||
| 999 |
_c196095 _d196095 |
||